Tableau des médailles olympiques - Gymnastique rythmique - Statistiques

Statistiques générales
  • Ce quiz a été pris 189 fois
  • Le résultat moyen est 9 sur 15
Statistiques - réponses
Total Or Argent Bronze Pays % Correct
2 0 2 0 Comité olympique de Russie
96%
16 10 4 2 Russie
96%
3 0 1 2 Italie
88%
1 0 1 0 Chine
81%
1 0 0 1 Allemagne de l’Ouest
78%
5 1 0 4 Ukraine
77%
3 1 2 0 Espagne
76%
5 1 2 2 Bulgarie
71%
7 0 4 3 Biélorussie
60%
1 1 0 0 Israël
50%
1 1 0 0 Canada
33%
2 1 0 1 Équipe unifiée de l'ex-URSS
28%
2 1 0 1 Union soviétique
28%
1 0 0 1 Grèce
26%
1 0 1 0 Rome
3%
Aucun quiz correspondant
Distribution des résultats
% des personnes avec chaque résultat
Percentile par nombre de réponses
Votre historique - résultats
Vous n’avez pas pris ce quiz